000 00530nam a22001817a 4500
003 CEME
005 20210628203654.0
008 210318b xxu||||| |||| 00| 0 eng d
020 _a0-412-48200-2
040 _c.
082 _a621.3813 DER
100 _aRoer, Theo G.Van De , Theo G.Van De Roer , De Roer, Theo G.Van
_966791
245 _aMicrowave electronic devices
260 _aLONDON
_bCHAPMAN HALL
_c1994
300 _aXIII,340P
650 _aELECTRONIC DEVICES; ELECTRONIC DEVICES,MICROWAVE
_966792
942 _cBK
_2ddc
999 _c574692
_d574692